Highest Rated Fifa 21 XI From each Top 5 League - Statistics

General Stats
  • This quiz has been taken 679 times
    507 since last reset
  • The average score is 42 of 60
Answer Stats
Hint Team Answer % Correct
GK Liverpool Alisson
97%
RM/RW Liverpool Mohammend Salah
95%
LB Liverpool Andrew Robertson
94%
Position Premier League Kevin De Bruyne
92%
CAM Manchester City Kevin De Bruyne
92%
LM/LW Liverpool Sadio Mane
92%
RB Liverpool Trent Alexander-Arnold
92%
RCB Liverpool Vrigil Van Dijk
92%
Position La Liga (Highest Rated) Lionel Messi
91%
RM/RW Barcelona Lionel Messi
91%
CDM Chelsea N'Golo Kante
91%
ST/CF Manchester City Sergio Aguero
91%
GK Atletico Madrid Jan Oblak
90%
CDM Real Madrid Casemiro
87%
ST/CF Real Madrid Karim Benzema
87%
CM Real Madrid Toni Kroos
87%
LB Barcelona Jordi Alba
85%
RCB Real Madrid Sergio Ramos
85%
Position Serie A (Highest Rated) Cristiano Ronaldo
84%
ST/CF Juventus Cristiano Ronaldo
84%
RB Real Madrid Dani Carvajal
82%
LCB Real Madrid/Barcelona Raphaël Varane/Gerard Piqué
82%
GK Bayern Munich Manuel Neuer
80%
CM Manchester United Paul Pogba
80%
Position Bundesliga (Highest Rated) Robert Lewandowski
78%
ST/CF Bayern Munich Robert Lewandowski
78%
CAM Real Sociedad David Silva
75%
CDM Bayern Munich Joshua Kimmich
74%
LCB Juventus Giorgio Chiellini
73%
GK Inter Milan Samir Handanović
73%
Position Ligue 1 (Highest Rated) Neymar Jr
72%
LM/LW PSG Neymar Jr
72%
ST/CF PSG Kylian Mbappe
71%
LCB Manchester City Aymeric Laporte
70%
LCB Borussia Dortmund Mats Hummels
70%
CAM Bayern Munich Thomas Muller
70%
LB Bayern Munich Alphonso Davies
67%
LM/LW Real Madrid Eden Hazard
67%
LB Juventus Alex Sandro
66%
RCB Bayern Munich David Alaba/Niklas Süle
66%
RCB Napoli Kalidou Koulibaly
66%
GK PSG Keylor Navas
62%
LM/LW Bayern Munich Leroy Sane
62%
LM/LW Napoli Lorenzo Insigne
62%
CM Bayern Munich Leon Goretzka
60%
RCB PSG Marquinhos
58%
CM Lazio Milinkovic-Savic
57%
CM PSG Marco Verratti
56%
RM/RW PSG Angel Di Maria
53%
RM/RW Borussia Dortmund Jadon Sancho
52%
RB Juventus Juan Cuadrado
49%
LCB PSG Presnel Kimpembe
47%
RB Borussia Dortmund/Bayern Munich Thomas Meuier/Benjamin Pavard
46%
CDM Lazio/Inter Milan Lucas Leiva/Brozovic
45%
CAM Atalanta Alejandro Gomez
44%
LB PSG Juan Bernat
37%
CAM PSG Julian Draxler
23%
CDM PSG Idrissa Gueye
22%
RM/RW Fiorentina Jose Callejon
16%
RB PSG Alessandro Florenzi
7%
No matching quizzes found
Score Distribution
Percent of People with Each Score
Percentile by Number Answered
Your Score History
You have not taken this quiz since the last reset